States of South Sudan - Statistics

General Stats
  • This quiz has been taken 9 times
  • The average score is 7 of 28
Answer Stats
Historical Sudan Province South Sudan State % Correct
Bahr el Ghazal Lol
50%
Greater Upper Nile Ruweng
50%
Greater Upper Nile Boma
38%
Greater Upper Nile Fangak
38%
Greater Upper Nile Fashoda
38%
Greater Upper Nile Jonglei
38%
Bahr el Ghazal Wau
38%
Bahr el Ghazal Aweil
25%
Bahr el Ghazal Aweil East
25%
Greater Upper Nile Bieh
25%
Equatoria Gbudwe
25%
Bahr el Ghazal Gok
25%
Equatoria Imatong
25%
Equatoria Jubek
25%
Equatoria Maridi
25%
Greater Upper Nile Northern Liech
25%
Greater Upper Nile Southern Liech
25%
Equatoria Terekeka
25%
Bahr el Ghazal Tonj
25%
Bahr el Ghazal Twic
25%
Equatoria Yei River
25%
Equatoria Amadi
13%
Bahr el Ghazal Eastern Lakes
13%
Greater Upper Nile Eastern Nile
13%
Bahr el Ghazal Gogrial
13%
Greater Upper Nile Latjoor
13%
Equatoria Namorunyang
13%
Bahr el Ghazal Western Lakes
13%
No matching quizzes found
Score Distribution
Percent of People with Each Score
Percentile by Number Answered
Your Score History
You have not taken this quiz